Ultimate Catfish and The Bottlemen quiz - Statistics

General Stats
  • This quiz has been taken 281 times
  • The average score is 14 of 20
Answer Stats
Hint Answer % Correct
What year did the balcony come out? 2014
94%
And the ride? 2016
92%
And when did their best album come out? 2019
91%
Who sings? Van mccann
88%
"Don't wanna picture our first born if you've stopped discussing names with me" Anything
77%
"If you wanna act more drunk than usual" Is from what song? Cocoon
76%
Who SLAPPS the bass? Benji
71%
Who plays the infamous beatz Bob
70%
"That i'll never acquiesce anything your thinking" Is from what song? Kathleen
68%
Who plays guitar other than ^ Bondy
67%
Whats the singers full name? Ryan evan mccann
65%
"So let's hit the ground" Is from what song? Tyrants
65%
Where are the awesome foursome from? Llandudno
61%
"But i said you got that look from me" Is from what song? Homesick
60%
"I plan on coming back to nothing, but then again there's you" Is from what song? Rango
59%
"Textbook" Basically
58%
Who was the one to wear the bandana? Larry
58%
"She knew how to save me" is from what song? Outside
56%
"Before you get out of here" is from what song? Postpone
47%
What is the name of the band's first EP? Poetry and Fuel
44%
No matching quizzes found
Score Distribution
Percent of People with Each Score
Percentile by Number Answered
Your Score History
You have not taken this quiz